Sports Quiz

Random Sports or Football Quiz
Score 0/246 Timer 20:00
0 Plays Today
Club Player % Correct
ArsenalAlexis Sánchez
93.6%
Aston VillaCarlos Sánchez
93.3%
ArsenalOlivier Giroud
92.5%
ChelseaDiego Costa
91.6%
ChelseaEden Hazard
90.5%
Aston VillaChristian Benteke
89.1%
Manchester UnitedWayne Rooney
88.5%
Manchester CitySergio Agüero
88.3%
ChelseaJohn Terry
87.4%
ArsenalTheo Walcott
87.2%
EvertonRomelu Lukaku
86.6%
ArsenalAaron Ramsey
86.3%
TottenhamHarry Kane
84.1%
ArsenalMesut Özil
83.5%
LeicesterJamie Vardy
83.5%
BurnleyDanny Ings
83%
Manchester CityDavid Silva
83%
LiverpoolSteven Gerrard
82.4%
Manchester UnitedRobin van Persie
81.6%
ChelseaGary Cahill
81.6%
Manchester CityYaya Touré
81.6%
ChelseaWillian
81.6%
Queens Park RangersLeroy Fer
80.7%
ChelseaOscar
80.7%
ChelseaCesc Fàbregas
80.4%
ArsenalLaurent Koscielny
80.4%
SwanseaWilfried Bony
79.9%
Manchester CityWilfried Bony
79.9%
LeicesterLeonardo Ulloa
79.6%
Queens Park RangersCharlie Austin
79.6%
ArsenalSanti Cazorla
79.3%
LiverpoolRaheem Sterling
79.3%
Aston VillaJoe Cole
78.8%
West HamCarlton Cole
78.8%
ChelseaBranislav Ivanović
78.5%
ArsenalDanny Welbeck
77.7%
Manchester CityEdin Džeko
77.7%
LiverpoolDaniel Sturridge
77.7%
Manchester UnitedJuan Mata
77.4%
Aston VillaGabriel Agbonlahor
76.8%
EvertonLeighton Baines
76.8%
ArsenalJack Wilshere
76.8%
SouthamptonGraziano Pellè
76.5%
LiverpoolJordan Henderson
76.3%
StokePeter Crouch
75.7%
West HamDiafra Sakho
75.4%
TottenhamChristian Eriksen
74.9%
LiverpoolPhilippe Coutinho
74.6%
West HamEnner Valencia
73.5%
Manchester UnitedChris Smalling
73.2%
ChelseaLoïc Rémy
72.9%
NewcastlePapiss Cissé
72.3%
LiverpoolAdam Lallana
72.3%
ChelseaNemanja Matić
72.1%
ChelseaRamires
70.9%
LiverpoolGlen Johnson
70.4%
SouthamptonSadio Mané
70.4%
SunderlandAdam Johnson
70.4%
West BromSaido Berahino
70.1%
EvertonPhil Jagielka
70.1%
LiverpoolRickie Lambert
69.8%
Manchester UnitedAshley Young
69.8%
LiverpoolMartin Škrtel
69.6%
Manchester CityFernandinho
69.6%
Crystal PalaceWilfried Zaha
69.6%
West BromDarren Fletcher
69.6%
SunderlandSteven Fletcher
69.6%
ChelseaDidier Drogba
68.7%
Manchester CityAleksandar Kolarov
68.7%
Manchester UnitedMarouane Fellaini
68.4%
EvertonRoss Barkley
67.9%
ArsenalHéctor Bellerín
67.9%
EvertonKevin Mirallas
67.9%
Crystal PalaceYannick Bolasie
67.6%
EvertonSéamus Coleman
67%
StokeMame Biram Diouf
66.8%
HullAbel Hernández
66.8%
Manchester CityJames Milner
66.8%
Manchester CitySamir Nasri
66.8%
LeicesterWes Morgan
66.8%
HullNikica Jelavić
66.5%
West HamAndy Carroll
66.5%
Club Player % Correct
ArsenalAlex Oxlade-Chamberlain
66.5%
SwanseaKi Sung-yueng
66.5%
Manchester CityFernando
65.1%
SunderlandJermain Defoe
65.1%
LiverpoolAlberto Moreno
64.8%
LeicesterRiyad Mahrez
64.5%
SouthamptonNathaniel Clyne
64.5%
Manchester UnitedÁngel Di María
64.5%
SouthamptonDušan Tadić
64.5%
Manchester UnitedAnder Herrera
64.5%
Manchester CityPablo Zabaleta
64.2%
Manchester UnitedRadamel Falcao
64%
StokeCharlie Adam
63.7%
LiverpoolMario Balotelli
63.4%
TottenhamÉrik Lamela
63.4%
Manchester UnitedMichael Carrick
63.1%
Crystal PalaceJason Puncheon
63.1%
Manchester CityGaël Clichy
62.8%
StokeJonathan Walters
62.8%
SouthamptonShane Long
62.8%
EvertonJames McCarthy
62.3%
Crystal PalaceGlenn Murray
62.3%
NewcastleAyoze Pérez
61.7%
Manchester CityFrank Lampard
61.7%
Crystal PalaceJoel Ward
61.5%
TottenhamNacer Chadli
61.5%
SwanseaBafétimbi Gomis
60.9%
NewcastleMoussa Sissoko
60.6%
LeicesterEsteban Cambiasso
60.6%
EvertonSteven Naismith
60.1%
SwanseaGylfi Sigurðsson
59.2%
Crystal PalaceDwight Gayle
58.9%
Manchester UnitedDaley Blind
58.7%
West HamMark Noble
58.7%
SwanseaJonjo Shelvey
58.1%
ChelseaAndré Schürrle
58.1%
Crystal PalaceMile Jedinak
57.5%
Manchester CityStevan Jovetić
57.5%
NewcastleSteven Taylor
57.3%
SunderlandConnor Wickham
57.3%
EvertonJohn Stones
57%
SouthamptonMorgan Schneiderlin
57%
BurnleyGeorge Boyd
56.4%
NewcastleFabricio Coloccini
56.1%
StokeRyan Shawcross
56.1%
Manchester UnitedJames Wilson
56.1%
BurnleyAshley Barnes
55.9%
ArsenalMathieu Debuchy
55.6%
SwanseaNathan Dyer
55.6%
LeicesterRobert Huth
55.6%
SouthamptonRyan Bertrand
55%
West BromCraig Dawson
55%
HullMichael Dawson
55%
LiverpoolJoe Allen
55%
TottenhamDanny Rose
55%
ArsenalCalum Chambers
54.7%
Aston VillaAndreas Weimann
54.7%
Manchester CityMartín Demichelis
54.7%
Crystal PalaceScott Dann
54.5%
Crystal PalaceFraizer Campbell
54.5%
West HamKevin Nolan
54.5%
SouthamptonVictor Wanyama
53.9%
StokeBojan
53.9%
EvertonArouna Koné
53.9%
Aston VillaTom Cleverley
52.2%
West BromChris Brunt
52.2%
EvertonLeon Osman
51.7%
StokeMarko Arnautović
51.4%
TottenhamEmmanuel Adebayor
51.1%
EvertonAaron Lennon
50.8%
LeicesterDavid Nugent
50.6%
ArsenalTomáš Rosický
50.3%
SwanseaWayne Routledge
50.3%
ArsenalMathieu Flamini
50.3%
Queens Park RangersJoey Barton
50.3%
HullJake Livermore
50%
TottenhamRoberto Soldado
49.7%
BurnleyBen Mee
49.4%
LeicesterAndy King
49.4%
West BromJames Morrison
48.9%
NewcastleJack Colback
48.6%
SouthamptonJames Ward-Prowse
48.6%
Club Player % Correct
LeicesterMarc Albrighton
48.6%
LiverpoolFabio Borini
48.3%
Aston VillaCiaran Clark
47.8%
LiverpoolEmre Can
47.5%
TottenhamEric Dier
47.5%
LiverpoolLazar Marković
47.5%
TottenhamMousa Dembélé
46.1%
LeicesterJeff Schlupp
46.1%
Queens Park RangersMatt Phillips
45.8%
NewcastleMike Williamson
45.3%
West HamWinston Reid
45.3%
SouthamptonToby Alderweireld
44.7%
TottenhamRyan Mason
44.4%
West HamStewart Downing
44.1%
HullAhmed Elmohamady
43.6%
SunderlandSeb Larsson
43.3%
West HamAaron Cresswell
43%
BurnleyScott Arfield
42.7%
TottenhamAndros Townsend
42.2%
West BromVictor Anichebe
42.2%
SouthamptonMaya Yoshida
41.6%
StokeSteven N'Zonzi
41.1%
Crystal PalaceMarouane Chamakh
41.1%
Queens Park RangersBobby Zamora
40.8%
NewcastleRémy Cabella
40.5%
Crystal PalaceJames McArthur
40.2%
NewcastleDaryl Janmaat
39.9%
SunderlandLee Cattermole
39.7%
NewcastleYoan Gouffran
39.7%
West BromGareth McAuley
39.1%
Aston VillaAlan Hutton
38.8%
SouthamptonJack Cork
38.8%
SwanseaJack Cork
38.8%
NewcastleJonás Gutiérrez
38.8%
Crystal PalaceJoe Ledley
38%
West BromJonas Olsson
38%
Queens Park RangersSteven Caulker
37.7%
West HamJames Tomkins
37.4%
West HamCheikhou Kouyaté
36.6%
EvertonSamuel Eto'o
36.3%
Aston VillaScott Sinclair
36.3%
HullDame N'Doye
36%
LeicesterPaul Konchesky
35.8%
NewcastleSammy Ameobi
35.8%
HullMohamed Diamé
35.5%
HullJames Chester
35.5%
Queens Park RangersEduardo Vargas
35.5%
West BromJoleon Lescott
35.5%
EvertonAiden McGeady
34.4%
Queens Park RangersClint Hill
34.1%
HullGastón Ramírez
33.8%
West BromCraig Gardner
33.5%
West BromBrown Ideye
33.2%
SwanseaJefferson Montero
32.4%
Crystal PalaceBrede Hangeland
31.6%
HullDavid Meyler
31.3%
StokeVictor Moses
31%
NewcastleEmmanuel Rivière
31%
HullSone Aluko
30.7%
West BromStéphane Sessègnon
30.4%
SunderlandJordi Gómez
30.4%
NewcastleSiem de Jong
29.6%
Aston VillaJores Okore
29.3%
LeicesterAndrej Kramarić
28.8%
LeicesterChris Wood
28.5%
NewcastleGabriel Obertan
28.2%
LeicesterMarcin Wasilewski
27.7%
SunderlandDanny Graham
26.3%
SunderlandJack Rodwell
25.4%
Queens Park RangersSandro
25.4%
SouthamptonEljero Elia
24%
NewcastleRolando Aarons
23.2%
West BromGraham Dorrans
23.2%
HullPaul McShane
22.6%
HullStephen Quinn
21.8%
West HamMauro Zárate
21.2%
West HamMorgan Amalfitano
20.4%
BurnleyMichael Kightly
17.6%
Queens Park RangersNiko Kranjčar
17.3%
BurnleyRoss Wallace
15.1%
SwanseaNélson Oliveira
14.5%
West BromSilvestre Varela
13.4%
Remove Ads.
Support Sporcle.
Get the best of Sporcle when you Go Orange. This ad-free experience offers more features, more stats, and more fun while also helping to support Sporcle. Thank you for becoming a member.

You're not logged in!

Compare scores with friends on all Sporcle quizzes.
OR
Log In

Show Comments

Extras

Top Quizzes Today


Score Distribution

Your Account Isn't Verified!

In order to create a playlist on Sporcle, you need to verify the email address you used during registration. Go to your Sporcle Settings to finish the process.

Report this User

Report this user for behavior that violates our Community Guidelines.

Details: